| 000 | 00524nam a22001697a 4500 | ||
|---|---|---|---|
| 003 | NUST | ||
| 038 | _aNusrat Nadeem | ||
| 082 | _a200 | ||
| 100 |
_aKabir, Summiya _9120064 |
||
| 245 |
_aPatent Semantic Annotation for Practitioners/ _cSummiya Kabir |
||
| 264 |
_aIslamabad, _bSEECS NUST, _c2023. |
||
| 300 |
_aill: _b70,p: _c30,cm. |
||
| 650 |
_aMS- Computer Science _926780 |
||
| 700 |
_aSupervisor: Dr. Muhammad Khuram Shahzad _996830 |
||
| 856 | _uhttp://10.250.8.41:8080/xmlui/handle/123456789/37539 | ||
| 942 |
_2ddc _cSC |
||
| 999 |
_c607509 _d607509 |
||